The practice of writing English

Bibliographic Details
Other Authors: Tyagi,Ram Avtar
Format: Book
Published: New Dehli : Alfa Publications , 2006
Subjects:

MARC

LEADER 00000cam a2200000 7i4500
001 0000019758
005 20080619.0
008 080619
020 |a 8189582240 
090 0 0 |a 372.6   |b PRA 
245 1 4 |a The practice of writing English   |c edited by Ram Avtar Tyagi 
260 |a New Dehli :   |b Alfa Publications ,   |c 2006 
650 0 |a English   |x writing 
650 0 |a Writing   |x study and teaching 
700 1 |a Tyagi,Ram Avtar 
999 |a 0001020052   |b Book   |c REFERENCE   |e Perbadanan Perpustakaan Awam Johor